Fundamentals of Nursing Practical Record Book (Record no. 252593)

MARC details
000 -LEADER
fixed length control field 00385pam a2200145a 44500
008 - FIXED-LENGTH DATA ELEMENTS--GENERAL INFORMATION
fixed length control field 230405s2022 xxu||||| |||| 00| 0 eng d
020 ## - INTERNATIONAL STANDARD BOOK NUMBER
International Standard Book Number 9789393885050
082 ## - DEWEY DECIMAL CLASSIFICATION NUMBER
Classification number 610.73
Item number AUR
100 ## - MAIN ENTRY--PERSONAL NAME
Personal name Aurasang, C.
245 ## - TITLE STATEMENT
Title Fundamentals of Nursing Practical Record Book
260 ## - PUBLICATION, DISTRIBUTION, ETC.
Place of publication, distribution, etc. Bangalore
Name of publisher, distributor, etc. EMMESS Medical Publishers
Date of publication, distribution, etc. 2022
300 ## - PHYSICAL DESCRIPTION
Extent 514 p.
502 ## - DISSERTATION NOTE
Dissertation note text
906 ## - LOCAL DATA ELEMENT F, LDF (RLIN)
a 004576

No items available.